000 01455namaa2200373 i 4500
003 EG-GICUC
005 20260128103406.0
008 260128s2009 ua |||ajr|||| 000 0 ara d
017 _a2009 / 15699
_bدار الكتب والوثاثق القومية (مصر)
020 _a9789773841723
040 _aEG-GiCUC
_bara
_cEG-GiCUC
_dEG-GiCUC
_erda
041 _aara
_heng
043 _an-us
082 0 4 _221
_a170
_bF8893
092 0 4 _221
_a170
_bF8893
099 _a170 F8893
100 1 _aفروم، اريك :
_d{u200F}1900-1980{u200F}
_eمؤلف.
245 2 _aالانسان لنفسه :
_bبحث فى علم نفس الاخلاق /
_cإريك فروم ؛ ترجمة مجاهد عبد المنعم مجاهد
250 _aالطبعة الاولى
264 _aالقاهرة :
_bمكتبة دار الكلمة،
_c2009.
300 _a279 صفحة
_bإيضاحيات؛
_c20 سم.
336 _2rdacontent
_atext
337 _2rdamedia
_aUnmediated
338 _2rdacarrier
_avolume
490 _3المكتبة النفسية
504 _aيشتمل على ارجاعات ببليوجرافية وقاموس ص(257-279)
541 _aد . جابر عصفور ؛
_bالقاهرة ؛
_cإهداء ؛
_d2024.
650 1 7 _aالاخلاق
_2qrmak
650 1 7 _aالاخلاق الاجماعية
_2qrmak
651 1 _2qrmak
700 1 _aمجاهد، مجاهد عبد المنعم
_eمترجم.
905 _aNoha
942 _2ddc
_cBK
_e21
_n0
999 _c178076
_d178076